Rise of the New West, 1819-1829 (Record no. 233155)
[ view plain ]
| 000 -LEADER | |
|---|---|
| fixed length control field | 00842cam a22002653a 4500 |
| 001 - CONTROL NUMBER | |
| control field | 3826 |
| 003 - CONTROL NUMBER IDENTIFIER | |
| control field | PGUSA |
| 005 - DATE AND TIME OF LATEST TRANSACTION | |
| control field | 20140828083039.0 |
| 008 - FIXED-LENGTH DATA ELEMENTS--GENERAL INFORMATION | |
| fixed length control field | 030301s2003||||xxu|||||s|||||000 | eng d |
| 040 ## - CATALOGING SOURCE | |
| Original cataloging agency | PGUSA |
| Language of cataloging | eng |
| 042 ## - AUTHENTICATION CODE | |
| Authentication code | dc |
| 050 #4 - LIBRARY OF CONGRESS CALL NUMBER | |
| Classification number | F590.3 |
| 100 1# - MAIN ENTRY--PERSONAL NAME | |
| Personal name | Turner, Frederick Jackson, |
| Dates associated with a name | 1861-1932 |
| 245 10 - TITLE STATEMENT | |
| Title | Rise of the New West, 1819-1829 |
| Medium | [electronic resource] / |
| Statement of responsibility, etc | Frederick Jackson Turner |
| 260 ## - PUBLICATION, DISTRIBUTION, ETC. (IMPRINT) | |
| Name of publisher, distributor, etc | Project Gutenberg, |
| Date of publication, distribution, etc | 2003 |
| 506 ## - RESTRICTIONS ON ACCESS NOTE | |
| Terms governing access | Public domain in the USA. |
| 516 ## - TYPE OF COMPUTER FILE OR DATA NOTE | |
| Type of computer file or data note | Electronic text |
| 653 ## - INDEX TERM--UNCONTROLLED | |
| Uncontrolled term | Oregon -- History -- To 1859 |
| 653 ## - INDEX TERM--UNCONTROLLED | |
| Uncontrolled term | United States -- Politics and government -- 1815-1861 |
| 653 ## - INDEX TERM--UNCONTROLLED | |
| Uncontrolled term | West (U.S.) -- History |
| 653 ## - INDEX TERM--UNCONTROLLED | |
| Uncontrolled term | Mississippi River Valley -- History -- 1803-1865 |
| 830 #0 - SERIES ADDED ENTRY--UNIFORM TITLE | |
| Uniform title | Project Gutenberg |
| Volume number/sequential designation | 3826 |
| 856 40 - ELECTRONIC LOCATION AND ACCESS | |
| Uniform Resource Identifier | <a href="http://www.gutenberg.org/ebooks/3826">http://www.gutenberg.org/ebooks/3826</a> |
| 942 ## - ADDED ENTRY ELEMENTS (KOHA) | |
| Koha item type | eBooks |
| Withdrawn status | Lost status | Damaged status | Home library | Current library | Date acquired | Total Checkouts | Date last seen | Price effective from | Koha item type |
|---|---|---|---|---|---|---|---|---|---|
| Project Gutenberg | Project Gutenberg | 08/28/2014 | 08/28/2014 | 08/28/2014 | eBooks |